000
00287nam a2200109Ia 4500
005
20251222144623.0
008
251222s9999||||xx |||||||||||||| ||spa||
082
_a
234.92/A79
245
0
_a
La Palabra de Dios en la vida y en la Misión de la Iglesia:
264
_b
Salesiana
942
_c
LIB
999
_c
16029
_d
16029